000 03056cam a2200445 4500500
005 20251228073848.0
041 _afre
042 _adc
100 1 0 _aGros, Pierre
_eauthor
245 0 0 _aSunt lacrimae rerum (Virgile, Énéide, I, v. 462). La mémoire, l'image et les signes
260 _c2013.
500 _a25
520 _aLa quinzième livraison des Studia erudita, la prestigieuse série de Pise, regroupe quelque quarante-huit articles et essais publiés par Mario Torelli au cours de ces dernières décennies. Malgré la diversité des thèmes, qui vont de l’archaïsme grec à la fin de l’Empire romain, ils ont un objectif commun : restituer la ou les significations que les monuments et les œuvres d’art eurent en leur temps, et pour lesquelles ils ont été conçus. Les méthodes interdisciplinaires qui permettent cette démarche herméneutique font un large usage des nouvelles perspectives ouvertes par l’anthropologie, la sociologie et la sémiologie, sans oublier les disciplines traditionnellement liées à l’analyse archéologique, qu’elles soient littéraires, épigraphiques, iconographiques ou topographiques. Le recueil contient deux parties, dont la première s’attache au déchiffrement du langage de l’architecture, la seconde prenant en considération celui des images.
520 _aSunt lacrimae rerum (Virgil, Aeneid, I, 462). Memory, Picture, and Signs The fifteenth volume of Studia erudita, the prestigious Pisa series, includes about forty eight articles and essays published by M. Torelli during these last decades. Despite the diverse themes which range from Greek archaic to Roman imperial, they have a common aim: to determine the significance of the monuments in their period and for which they had been conceived. Interdisciplinary methods which support this hermeneutic research make wide use of new perspectives opened by anthropology, sociology and semiology, without forgetting those traditionally related to archaeological research —literary, epigraphical, iconographical or topographical. The collection is in two parts, the first devoted to the language of architecture, the second to that of the images.
690 _aarchéologie
690 _aarchitecture
690 _aiconographie
690 _amonde étrusque
690 _amonde grec
690 _amonde romain
690 _areligion
690 _asémantique des formes
690 _asociété
690 _atopographie
690 _aurbanisme
690 _aarchaeology
690 _aarchitecture
690 _aetruscan world
690 _aforms semantic
690 _afrom Archaic era to the end of the Roman Empire
690 _agreek world
690 _aiconography
690 _areligion
690 _aroman world
690 _asociety
690 _atopography
690 _aurbanism
786 0 _nRevue archéologique | 55 | 1 | 2013-05-29 | p. 81-96 | 0035-0737
856 4 1 _uhttps://shs.cairn.info/revue-archeologique-2013-1-page-81?lang=fr&redirect-ssocas=7080
999 _c1596190
_d1596190